[Event "Nuremberg Zabo op 06th"]
[Site "Nuremberg"]
[Date "2004.09.26"]
[Round "4"]
[White "Margraf, Joachim"]
[Black "Seeger, Peter"]
[Result "1-0"]
[WhiteElo "1870"]
[BlackElo "2015"]
[PlyCount "122"]
[EventDate "2004.09.24"]
[EventType "swiss"]
[EventRounds "5"]
[EventCountry "GER"]
[SourceTitle "EXT 2012"]
[Source "ChessBase"]
[SourceDate "2011.11.24"]
[SourceVersion "1"]
[SourceVersionDate "2011.11.24"]
[SourceQuality "1"]

1. Nf3 Nf6 2. c4 c6 3. b3 d5 4. e3 Bf5 5. Bb2 e6 6. Be2 Nbd7 7. d3 h6 8. Nbd2 Bd6 9. 0-0 0-0 10. Re1 Bh7 11. Nf1 b5 12. Nd4 bxc4 13. dxc4 Bb4 14. Nxc6 Qb6 15. Nxb4 Qxb4 16. cxd5 exd5 17. Bd3 Rac8 18. Bxh7+ Kxh7 19. Qd3+ Kg8 20. Rec1 Qa5 21. Rxc8 Rxc8 22. Ng3 Rc6 23. Nf5 Rc7 24. h3 Nc5 25. Qd1 Ncd7 26. a3 Kh7 27. b4 Qa6 28. Rc1 Rxc1 29. Qxc1 g6 30. Nd4 Kg8 31. Nf3 Ne4 32. Qd1 Ndf6 33. Ne5 h5 34. Qc2 Qe6 35. Bd4 Qa6 36. a4 Qb7 37. b5 Qe7 38. Nc6 Qa3 39. Nxa7 Qb4 40. Qd1 h4 41. Nc6 Qc4 42. f3 Nc3 43. Bxc3 Qxc3 44. Kf2 Qc4 45. Nd4 Qa2+ 46. Ne2 Nh5 47. b6 Ng3 48. a5 Qxa5 49. b7 Qb5 50. Nxg3 hxg3+ 51. Kxg3 Qxb7 52. Qd4 Qc7+ 53. Qf4 Qb7 54. Qe5 Qb3 55. h4 Qd1 56. Kg4 Qg1 57. g3 Qc1 58. Kg5 Qc5 59. h5 gxh5 60. Kxh5 Qc6 61. Qg5+ Kh7 1-0

[Event "Bad Griesbach Seniors op 5th"]
[Site "Bad Griesbach"]
[Date "2002.11.27"]
[Round "4"]
[White "Krafzik, Joachim"]
[Black "Margraf, Joachim"]
[Result "1-0"]
[WhiteElo "1889"]
[BlackElo "1844"]
[PlyCount "65"]
[EventDate "2002.11.24"]
[EventType "swiss"]
[EventRounds "7"]
[EventCountry "GER"]
[SourceTitle "EXT 2006"]
[Source "ChessBase"]
[SourceDate "2005.11.24"]
[SourceVersion "1"]
[SourceVersionDate "2005.11.24"]
[SourceQuality "1"]

1. b4 d5 2. Bb2 Bf5 3. e3 Nd7 4. Nf3 Ngf6 5. c4 e6 6. b5 c5 7. Be2 dxc4 8. Bxc4 Nb6 9. Be2 Bd3 10. Ne5 Bxe2 11. Kxe2 Qd5 12. a4 Qxg2 13. a5 Nbd5 14. Nf3 Ne4 15. Rf1 Ndf6 16. Nc3 Ng5 17. Nxg5 Qxg5 18. f3 Qh4 19. Rf2 Bd6 20. Qc2 Nh5 21. Ne4 Qe7 22. Rg2 f5 23. Nxd6+ Qxd6 24. f4 0-0-0 25. Rc1 Qd5 26. Qxc5+ Qxc5 27. Rxc5+ Kd7 28. Rg5 Kd6 29. Rc1 Nf6 30. Rxg7 Nd7 31. Ba3+ Kd5 32. Rc7 Nf6 33. Rc5+ 1-0

[Event "Bad Griesbach Seniors op 5th"]
[Site "Bad Griesbach"]
[Date "2002.11.26"]
[Round "3"]
[White "Margraf, Joachim"]
[Black "Trnovec, Mihaly"]
[Result "0-1"]
[WhiteElo "1844"]
[BlackElo "1968"]
[PlyCount "94"]
[EventDate "2002.11.24"]
[EventType "swiss"]
[EventRounds "7"]
[EventCountry "GER"]
[SourceTitle "EXT 2006"]
[Source "ChessBase"]
[SourceDate "2005.11.24"]
[SourceVersion "1"]
[SourceVersionDate "2005.11.24"]
[SourceQuality "1"]

1. Nf3 g6 2. c4 Bg7 3. g3 b6 4. Bg2 Bb7 5. 0-0 d6 6. Nc3 Nd7 7. d4 Ngf6 8. Qc2 0-0 9. b3 e6 10. Bb2 a6 11. Rac1 c5 12. dxc5 dxc5 13. Rcd1 Qc7 14. Qb1 Rfe8 15. Qa1 e5 16. Rd2 Nf8 17. e3 Ne4 18. Nd5 Bxd5 19. Rxd5 f6 20. Nh4 Ng5 21. f4 Nf7 22. Rd2 Rad8 23. Bd5 Rxd5 24. Rxd5 Qe7 25. Ng2 Qe6 26. Rfd1 Qe7 27. Qb1 Qe6 28. Qc2 Qg4 29. Qf2 exf4 30. Nxf4 Qc8 31. R5d3 Qc6 32. Nd5 Nd7 33. Rf1 Re6 34. Bxf6 Nxf6 35. Nxf6+ Rxf6 36. Qd2 Rxf1+ 37. Kxf1 Qf6+ 38. Kg2 h5 39. Rd7 Ne5 40. Qd5+ Kh7 41. Rd6 Qf5 42. Qd1 Qe4+ 43. Kh3 Ng4 44. Qe2 Nxe3 45. Rd3 Qf5+ 46. g4 hxg4+ 47. Kg3 Be5+ 0-1